Aristóteles

Guardado en:
Detalles Bibliográficos
Autor principal: Brocker, Walter (Autor)
Formato: Libro
Lenguaje:español
Publicado: Santiago Universidad de Chile 1963
Edición:1a. ed
Materias:
Etiquetas: Agregar Etiqueta
Sin Etiquetas, Sea el primero en etiquetar este registro!

MARC

LEADER 00000cam a2200000 a 4500
001 UCZ8940
003 CL-VaPUC
008 960126e19630000CL |||||||||||||||||spa|d
082 0 4 |a 185  |b BRO  |2 21 
100 0 |a Brocker, Walter  |e author  |9 354218 
245 1 0 |a Aristóteles 
250 |a 1a. ed 
300 |a 205 p 
942 |c BK 
945 |d 19960126 00:00:00  |a rleighto 
260 |a Santiago  |b Universidad de Chile  |c 1963 
600 0 |a Aristóteles,  |d 384 a.C.- 322 a.C.  |9 194 
650 0 |a Filosofía griega  |9 265579 
650 0 |a Filosofía antigua   |9 255705 
650 7 |a SER  |2 CL-VaPUC  |9 320176 
650 7 |a ESCENCIA  |2 CL-VaPUC  |9 354219 
650 0 |a Alma   |9 259008 
650 0 |a Dios   |9 266622 
583 |a last modification  |c 20150416 15:38:06  |k Rodrigo Vera 
999 |c 244613  |d 244611 
952 |0 0  |1 0  |4 0  |6 185_000000000000000_BRO_1963  |7 0  |8 P  |9 258727  |a BIBEDU  |b BIBEDU  |c BIBEDU_PB  |d 2019-11-19  |i 3172872  |o 185 BRO 1963  |p 3172872  |r 2024-01-25  |w 2019-11-19  |y BK  |k FIL 
952 |0 0  |1 0  |3 erb  |4 0  |6 185_000000000000000_BRO_1963  |7 0  |8 P  |9 258728  |a BIBEDU  |b BIBEDU  |c BIBEDU_PB  |e Familia Cárdenas Lailhacar  |i 5300444  |l 1  |o 185 BRO 1963  |p 5300444  |r 2024-01-25  |s 2022-11-28  |w 2019-11-19  |y BK  |z Catalogado en:20160505  |k FIL